| 000 | 01739cam a2200397 4500 | ||
|---|---|---|---|
| 999 |
_c55141 _d55141 |
||
| 003 | BJBSDDR | ||
| 005 | 20230410120945.0 | ||
| 007 | ta | ||
| 008 | 060907s2004 tnu eng | ||
| 020 | _a0785261028 (hbk) | ||
| 020 | _a9780785261025 (hbk) | ||
| 040 |
_bspa _cBJBSDDR |
||
| 041 | _aeng | ||
| 042 | _apcc | ||
| 043 | _an-us--- | ||
| 050 | 1 | 4 |
_aJC 574.2 _bS264e 2004 |
| 082 | 0 | 0 | _a320.51/3 |
| 100 | 1 |
_aSavage, Michael, _d1942- |
|
| 245 | 1 | 4 |
_aThe enemy within : _bsaving America from the liberal assault on our schools, faith, and military / _cMichael Savage. |
| 260 |
_aNashville, Tenn. : _bWND Books, _cc2004. |
||
| 300 |
_axiv, 253 p., [8] p. of plates : _bill. ; _c24 cm. |
||
| 504 | _aIncludes bibliographical references and index. | ||
| 505 | 0 | _aFreedom : the savage America -- Courts : stench from the bench -- Healthcare : who poisoned the system? -- Military : the war on the war -- Media : the Hollywood idiots -- Faith : the dogs of hate -- Morality : the Bible belt vs. the libel belt -- Schools : condoms on cucumbers -- Colleges : houses of porn and scorn -- Minds : the silenced majority. | |
| 600 | 1 | 4 |
_aSavage, Michael, _d1942- |
| 650 | 0 |
_aLiberalism _zUnited States. |
|
| 650 | 4 |
_aLiberalismo _zEstados Unidos. _92818 |
|
| 650 | 0 |
_aSocial values _zUnited States. |
|
| 650 | 4 |
_aValores sociales _zEstados Unidos _92331 |
|
| 650 | 0 |
_aConservatism _zUnited States. |
|
| 650 | 4 |
_aConservatismo _zEstados Unidos. _92831 |
|
| 650 | 0 |
_aRadio broadcasters _zUnited States _vBiography. |
|
| 651 | 0 |
_aUnited States _xMoral conditions. |
|
| 651 | 4 |
_aEstados Unidos _xCondiciones morales _97638 |
|
| 856 | 4 | 1 |
_3Table of contents _uhttp://www.loc.gov/catdir/toc/ecip0410/2003022812.html |
| 942 |
_2lcc _cBK |
||